000 00644nam a2200193Ia 4500
003 GCL
008 140319s9999 xx 000 0 ara d
040 _aGCL /
_cGCL
082 0 4 _a031
_bب م
100 1 _aبيرتون، روبرت
245 1 0 _aالموسوعة المصورة للشباب /
_cبيرتون، روبرت
700 1 _aمحمد امين سليمان
260 _aالقاهرة :
_bمركز الاهرام للترجمة والنشر ،
_c1986
300 _a257 ص ؛
_c27 سم
650 0 4 _aدوائر المعارف
650 0 4 _aدوائر المعارف العربية
650 0 4 _aالشباب
942 _2ddc
_cBK
999 _c59590
_d59590